| 000 | 00532nam a2200181Ia 4500 | ||
|---|---|---|---|
| 999 |
_c21129 _d21129 |
||
| 003 | OSt | ||
| 005 | 20200605132442.0 | ||
| 008 | 190216s9999||||xx |||||||||||||| ||und|| | ||
| 020 | _a97881307042234 | ||
| 040 | _coclc | ||
| 082 |
_a934 _bDAS/E |
||
| 100 |
_aDas, Santosh Kumar _92543 |
||
| 245 | 4 |
_aThe Economic History Of Ancient India / _cSantosh Kumar Das |
|
| 260 |
_bCosmos Bookhive Publishers, _aNew Delhi; _c2006. |
||
| 300 | _a311p | ||
| 650 | _aHistory | ||
| 942 |
_cBK _2ddc _h934 _iDAS/E _k934 _mDAS/E |
||